00586nam a22001097a 4500008004100000100002300041245003500064260001200099300002200111520033100133773001200464230217b ||||| |||| 00| 0 eng d aDoshi, Balkrishna  aRe-structuring urban galaxies  aYojana  aDec, 2022: p.7-10 aWhen we see the map of India, we realize a unique characteristic there is a hierarchical network of dots of varied sizes with names of large metropolises, cities, and towns. They appear like ‘urban galaxies’- wither naturally developed scales between entities, interconnected and located within easy reach. – Reproduced  aYojana